| 000 | 00864nas a2200265 i 4500 | ||
|---|---|---|---|
| 001 | 83143 | ||
| 003 | ES-MaACL | ||
| 005 | 20250415221901.0 | ||
| 007 | t| | ||
| 008 | 041108d19591971sp a| p r |0010||pa d | ||
| 022 | _a0071-1519 | ||
| 245 | 0 | 0 |
_aEstadística de la enseñanza superior en España / _cInstituto Nacional de Estadística. |
| 260 |
_aMadrid : _bInstituto Nacional de Estadística, _c1959-1971. |
||
| 300 |
_a7 v. ; _c27 cm. |
||
| 310 | _aAnual | ||
| 362 | 0 | _a1956/57-1968/69. | |
| 650 | 4 |
_aEnseñanza superior- _zEspaña- _vEstadísticas. _912274 |
|
| 655 | 7 |
_2tgfbne _9226866 _aRevistas |
|
| 710 | 2 |
_aInstituto Nacional de Estadística (España) _95162 |
|
| 852 |
_aES-MaACL _jP-529 _cDEPO2 |
||
| 866 | 0 | _o1956/1957-1957/1958, 1959/1960, 1963/1964, 1965/1966-1967/1968. | |
| 942 |
_2udc _cPERIODICA |
||
| 999 |
_c83143 _d83143 |
||